Practical Digital Electronics/ (Record no. 13411)
[ view plain ]
| 000 -LEADER | |
|---|---|
| fixed length control field | 00597nam a22001577a 4500 |
| 008 - FIXED-LENGTH DATA ELEMENTS--GENERAL INFORMATION | |
| fixed length control field | 100217s1974 cau|||||r|||| 000 0 eng d |
| 082 ## - DEWEY DECIMAL CLASSIFICATION NUMBER | |
| Edition number | 22 |
| Classification number | 621.381 |
| Item number | BLU |
| 100 ## - MAIN ENTRY--PERSONAL NAME | |
| 9 (RLIN) | 11463 |
| Personal name | Blukis, Juris |
| 245 ## - TITLE STATEMENT | |
| Title | Practical Digital Electronics/ |
| Statement of responsibility, etc | Juris Blukis and Mark Baker |
| 260 ## - PUBLICATION, DISTRIBUTION, ETC. (IMPRINT) | |
| Place of publication, distribution, etc | Santa Clara, Calif. : |
| Name of publisher, distributor, etc | Hewlett-Packard, 1974. |
| Date of publication, distribution, etc | 1974 |
| 300 ## - PHYSICAL DESCRIPTION | |
| Extent | 1v.: |
| Other physical details | ill.; |
| Dimensions | 27 cm. |
| 650 ## - SUBJECT ADDED ENTRY--TOPICAL TERM | |
| 9 (RLIN) | 10844 |
| Topical term or geographic name as entry element | Digital electronics. |
| 700 ## - ADDED ENTRY--PERSONAL NAME | |
| 9 (RLIN) | 10846 |
| Personal name | Baker, Mark |
| 942 ## - ADDED ENTRY ELEMENTS (KOHA) | |
| Source of classification or shelving scheme | Dewey Decimal Classification |
| Item type | Book - Borrowing |
| Withdrawn status | Item status | Source of classification or shelving scheme | Damaged status | Not for loan | Home library | Current library | Shelving location | Date acquired | Source of acquisition | Total Checkouts | Full call number | Barcode | Date last seen | Koha item type |
|---|---|---|---|---|---|---|---|---|---|---|---|---|---|---|
| Dewey Decimal Classification | Central Library | Central Library | First floor | 17/02/2010 | Purchase | 621.381 BLU | 000019769 | 15/07/2025 | Book - Borrowing |